| 000 | 00771nam a22002417a 4500 | ||
|---|---|---|---|
| 999 |
_c14585 _d14585 |
||
| 003 | AR-CdUCM | ||
| 008 | 190423b ||||| |||| 00| 0 spa d | ||
| 020 | _a978-84-9825-856-1 | ||
| 040 |
_aMUNICIPALIDAD PROVINCIAL DEL CUSCO _cBIBLIOTECA MUNICIPAL DEL CUSCO |
||
| 041 | _hspa | ||
| 082 |
_aES / 808 / _bH43 |
||
| 100 |
_aHernández, Pau Joan _933417 |
||
| 245 | _aEL gran libro sobre Roma / | ||
| 260 |
_aBarcelona : _bCombel, _c2013. |
||
| 300 |
_bIlustraciones, juegos. _c25 cm. |
||
| 500 | _aNo cuenta con numeración de pagina | ||
| 650 |
_aHistoria de Roma _933418 |
||
| 650 |
_aIntantil _933419 |
||
| 650 |
_aLiteratura primera infancia _933420 |
||
| 700 |
_aVila Delclos, Jordi (ilustraciones) _933421 |
||
| 942 |
_2ddc _cLIBROS |
||
| 945 |
_adavv _d23/04/2019 |
||